Szczegóły MARC21

Plan pracy dydaktyczno-wychowawczej dla klasy VI do autorskiego programu nauczania Wychowanie fizyczne bliższe wartościom dla klas IV-VI szkoły podstawowej /

005 -DATA I CZAS OSTATNIEJ MODYFIKACJI [,]
    • @
    • pole kontrolne
    • 20141219132213.0
020 -Międzynarod. znormalizowany nr książki - ISBN [ , ]
    • a
    • Numer ISBN
    • 9788364825064 Find
040 -Instytucja sporządzająca opis [ , ]
    • a
    • Instytucja, która sporządziła opis (NP)
    • SZCZ U/KLR
    • c
    • Instytucja, która sporządziła rekord (NP)
    • SZCZ U/KLR
    • d
    • Instytucja, która zmodyfikowała rekord (P)
    • SZCZ U/ML
041 -Język dokumentu [0, ]
    • a
    • Język tekstu (P)
    • polski
044 -Kraj miejsca wydania [ , ]
    • a
    • Kraj miejsca wydania
    • Polska
942 -Rodzaj dokumentu [ , ]
    • c
    • Rodzaj dokumentu
    • Książka
100 -Hasło główne - nazwa osobowa [1, ]
    • 9
    • KHW
    • 39163
    • a
    • Nazwa osobowa (NP)
    • Romanowska, Alicja.
245 -Strefa tytułu i oznaczenia odpowiedzialności [1,0]
    • a
    • Tytuł
    • Plan pracy dydaktyczno-wychowawczej dla klasy VI do autorskiego programu nauczania Wychowanie fizyczne bliższe wartościom dla klas IV-VI szkoły podstawowej / Find
    • c
    • Pozostałe elementy strefy tytułu i oznaczenia odpowiedzialności (NP)
    • Alicja Romanowska.
260 -Strefa adresu wydawniczego [ , ]
    • a
    • Miejsce wydania (P)
    • Płock :
    • b
    • Nazwa wydawcy (P)
    • Wydawnictwo Korepetytor Marian Gałczyński,
    • c
    • Data wydania (P)
    • 2014.
300 -Strefa opisu fizycznego [ , ]
    • a
    • Określenie formy książki i/lub objętość (NP)
    • 134 s. :
    • b
    • Oznaczenie ilustracji (NP)
    • il. (w tym kolor.) ;
    • c
    • Format (NP)
    • 15x21 cm.
080 -Uniwersalna Klasyfikacja Dziesiętna [ , ]
    • 2
    • Identyfikator wydania tablic
    • UDC-P058
    • 9
    • UKD
    • 9914
    • a
    • Symbol klasyfikacji
    • 37.016:796
    • b
    • Dopowiedzenie
    • Nauczanie wychowania fizycznego.
    • 4
    • UKD2
    • 54969
    • x
    • Poddział wspólny
    • (073)
    • c
    • Dopowiedzenie poddz. wspólnego
    • (Programy nauczania).
980 -Symbol UKD [ , ]
    • a
    • UKD
    • 37.016:796(073)
710 -Hasło dodatkowe - nazwa ciała zbiorowego [2, ]
    • 4
    • Kod relacji
    • pbl
    • 9
    • KHW
    • 77406
    • a
    • Nazwa ciała zbiorowego lub nazwa geograficzna jako pierwszy element (NP)
    • Wydawnictwo Korepetytor Marian Gałczyński.
920 -ISBN [ , ]
    • a
    • ISBN
    • 978-83-64825-06-4 Find
Lokalizacja Data inwentaryzacji Status udost. Numer inwentarzowy Sygnatura
BM2014-11-261WF.9536WF-program_szk. podst. 07